| 000 | 00574nam a22001817a 4500 | ||
|---|---|---|---|
| 999 |
_c8387 _d8387 |
||
| 008 | 201117b ||||| |||| 00| 0 eng d | ||
| 040 | _aBMS College of Architecture | ||
| 100 | _aHarish, Sheetal | ||
| 245 | _aCapturing experience: film and television institute | ||
| 300 | _aNA | ||
| 500 | _a1BM15AT093 | ||
| 502 | 1 |
_8B,Arch _NBMS College of Architecture, Visvesvaraya Technological University (VTU) _aProject report _d2019 |
|
| 650 | _aTelevision | ||
| 650 | _aInstitute | ||
| 700 |
_aJeeno Soa George _eGuide |
||
| 700 |
_aRema Vadyanathan _eGuide |
||
| 942 |
_2ddc _cTHE |
||